| 000 | 00815nam a22001577a 4500 | ||
|---|---|---|---|
| 003 | OSt | ||
| 005 | 20160323102352.0 | ||
| 008 | 160323b xxu||||| |||| 00| 0 eng d | ||
| 040 | _cRUA | ||
| 082 | _aAGR HEN 2012 B471 Or.1 | ||
| 100 |
_98137 _aHENG SOVANROTH ; ហេង សុវណ្ណរ័ត្ន |
||
| 245 | _aWeed control under early wet season condition on ir 66 rice varieties in royal university of agriculture, វិធានការគ្រប់គ្រងស្មៅចង្រៃលើពូជស្រូវអ៊ីអ៊ែរ៦៦ ក្នុងលក្ខខណ្ឌដើមរដូវវស្សា នៃសាកលវិទ្យាល័យភូមិន្ទកសិកម្ម | ||
| 260 |
_aPhnom Penh _bRUA _c2012 |
||
| 300 |
_ax ;44p. _bill. _c29cm. |
||
| 942 |
_2ddc _cAGR |
||
| 999 |
_c7750 _d7750 |
||